000 00663nam a22002297a 4500
003 BPGM
008 260627b mx ||||| |||| 00| 0 spa d
040 _bSPA
041 _aSPA
_hSPA
082 0 4 _aCQ / 972.45
_bO38
245 _aQUERÉTARO 1917
260 _aMÉXICO
_bMIGUEL DE LA MADRID H
_c1982
300 _a46 PÁGINAS
_c22.9 CM X 21 CM
336 _2rdacontent
_atexto
_btxt
337 _2rdamedia
_asin mediación
_bn
338 _2rdacarrier
_avolumen
_bnc
505 _aES UN RECURSO HISTÓRICO Y JURÍDICO.
650 _2GEOGRAFIA E HISTORIA
650 _2HISTORIA GENERAL DE AMERICA DEL NORTE
650 _2MESOAMERICA,MEXICO
942 _2ddc
_cCOLQ
999 _c68696
_d68696